000
00318nam a2200121Ia 4500
005
20251222152708.0
008
251222s9999||||xx |||||||||||||| ||spa||
082
_a
270/C76
100
_a
Comisión Episcopal de Liturgia
245
0
_a
Orientaciones y Propuestas para el Año Mariano
250
_a
1ra.ed.
942
_c
LIB
999
_c
29118
_d
29118